<?xml version="1.0" encoding="UTF-8"?>
<record
    xmlns:xsi="http://www.w3.org/2001/XMLSchema-instance"
    xsi:schemaLocation="http://www.loc.gov/MARC21/slim http://www.loc.gov/standards/marcxml/schema/MARC21slim.xsd"
    xmlns="http://www.loc.gov/MARC21/slim">

  <leader>009910000a22001330004500</leader>
  <datafield tag="100" ind1="1" ind2=" ">
    <subfield code="a">Becerra, Miguel Alberto.</subfield>
  </datafield>
  <datafield tag="245" ind1="1" ind2="0">
    <subfield code="a">Estudio de factibilidad para el dise&#xF1;o y montaje de un laboratorio remoto como apoyo al componente pr&#xE1;ctico en el programa de tecnolog&#xED;a en electr&#xF3;nica.</subfield>
  </datafield>
  <datafield tag="300" ind1=" " ind2=" ">
    <subfield code="a">no.11 (sep. , 2009),p.19-29</subfield>
  </datafield>
  <datafield tag="500" ind1=" " ind2=" ">
    <subfield code="a">Ubicaci&#xF3;n: varios</subfield>
  </datafield>
  <datafield tag="520" ind1=" " ind2=" ">
    <subfield code="a">El art&#xED;culo presenta una revisi&#xF3;n del desarrollo de los laboratorios remotos de electr&#xF3;nica en las universidades, introduce al lector en las tecnolog&#xED;as que utilizan &#xE9;stos sistemas en diferentes &#xE1;reas de la ingenieria y ciencias de la salud. se describen las aportaciones did&#xE1;cticas en la ense&#xF1;anza de la electr&#xF3;nica, particularmente sus ventajas y desventajas y se analizan los resultados obtenidos en un estudio de factibilidad de laboratorios remotos  para la tecnologia en electr&#xF3;nica en la instituci&#xF3;n universitaria Salazar y Herrera.</subfield>
  </datafield>
  <datafield tag="650" ind1="1" ind2="4">
    <subfield code="a">INGENIERIA</subfield>
  </datafield>
  <datafield tag="773" ind1="0" ind2=" ">
    <subfield code="t">Revista Quid</subfield>
  </datafield>
  <datafield tag="942" ind1=" " ind2=" ">
    <subfield code="c">ANA</subfield>
  </datafield>
  <datafield tag="952" ind1=" " ind2=" ">
    <subfield code="0">0</subfield>
    <subfield code="1">0</subfield>
    <subfield code="4">0</subfield>
    <subfield code="7">0</subfield>
    <subfield code="8">HEM</subfield>
    <subfield code="a">FUSBC</subfield>
    <subfield code="b">FUSBC</subfield>
    <subfield code="d">2016-01-26</subfield>
    <subfield code="l">0</subfield>
    <subfield code="o"> </subfield>
    <subfield code="r">2016-01-26 00:00:00</subfield>
    <subfield code="w">2016-01-26</subfield>
    <subfield code="y">ANA</subfield>
  </datafield>
  <datafield tag="999" ind1=" " ind2=" ">
    <subfield code="c">63034</subfield>
    <subfield code="d">63034</subfield>
  </datafield>
</record>
